• 首页
  • 本馆介绍
  • 公告通知
  • 最新文献
  • 馆藏检索
  • 电子资源
  • 读者导购
  • 参考咨询
  • 我的图书馆
  • 登录
  • 详细信息显示
  • 放入我的书架
  • 预约/预借图书
  • 作者相关作品
  • 分类相关作品
  • 丛书相关作品
  • 出版社相关作品

书目信息

  • 表格格式
  • 工作单格式
  • 卡片格式
题名:
彩色摄影配方集
    
 
作者: ;中国图片社新华照片洗印厂 编
分册:  
出版信息: 北京   中国摄影出版社  1977
页数: 129页
开本: 19cm
丛书名:
单 册:
中图分类: TB88
科图分类:
主题词: 摄影-洗印--技术 , 洗印-摄影--技术
电子资源:
ISBN:
000 00687nam0 2200229 45
001 0177003156
005 20060820082158.59
010    @dCNY0.28
100    @a19951011d1977 em y0chiy0121 ea
101 0  @achi
102    @aCN@b110000
105    @af z 000yy
200 10 @a彩色摄影配方集@Acai se she ying pei fang ji@f中国图片社新华照片洗印厂编
210    @a北京@c中国摄影出版社@d1977
215    @a129页@c图片@d19cm
606    @a摄影-洗印@x技术
606    @a洗印-摄影@x技术
690    @aTB88@v3
711 02 @a中国图片社新华照片洗印厂@Azhong guo tu pian she xin hua zhao pian xi yin chang@4编
801  0 @aCN@bTSSF@c20060820
801  2 @aCN@bNLC@c20060802
905    @a10447@dTB88@e119
    
    彩色摄影配方集/中国图片社新华照片洗印厂编.-北京:中国摄影出版社,1977
    129页:图片;19cm
    
    
    ISBN :CNY0.28
    
●
相关链接 在E读中查询图书 在五车中查询图书 在当当中查询图书 在豆瓣中查询图书


正题名:彩色摄影配方集     索取号:TB88/119         预约/预借

序号 登录号 条形码 馆藏地/架位号 状态 备注
1 0439436   204394360   密集书库/ [索取号:TB88/119] 在馆    
2 0470255   204702553   密集书库/ [索取号:TB88/119] 在馆    
唐山师范学院图书馆 欢迎您!
大连网信软件有限公司© 版权所有